Theology of flesh and bones : (Record no. 25286)

MARC details
000 -LEADER
fixed length control field 00662nam a22001817a 4500
003 - CONTROL NUMBER IDENTIFIER
control field AUA.1
005 - DATE AND TIME OF LATEST TRANSACTION
control field 20251121105700.0
008 - FIXED-LENGTH DATA ELEMENTS--GENERAL INFORMATION
fixed length control field 251121b |||||||| |||| 00| 0 eng d
020 ## - INTERNATIONAL STANDARD BOOK NUMBER
International Standard Book Number 9780925675651
040 ## - CATALOGING SOURCE
Transcribing agency JTL
050 ## - LIBRARY OF CONGRESS CALL NUMBER
Classification number BT741.3
Item number .T54 2025
245 ## - TITLE STATEMENT
Title Theology of flesh and bones :
Remainder of title the human body in creation, redemption, and eternity /
Statement of responsibility, etc Elias Brasil de Souza (editor).
260 ## - PUBLICATION, DISTRIBUTION, ETC. (IMPRINT)
Place of publication, distribution, etc Silver Spring, MD :
Name of publisher, distributor, etc Biblical Research Institute;
Date of publication, distribution, etc 2025.
300 ## - PHYSICAL DESCRIPTION
Extent x, 176 pages :
Dimensions 24 cm.
650 ## - SUBJECT ADDED ENTRY--TOPICAL TERM
Topical term or geographic name as entry element Human body
Form subdivision Religious aspects
General subdivision Christianity
700 ## - ADDED ENTRY--PERSONAL NAME
Personal name de Souza, Elias Brasil.
Relator term editor
942 ## - ADDED ENTRY ELEMENTS (KOHA)
Source of classification or shelving scheme Library of Congress Classification
Koha item type Books
Classification part BT 741.3
Item part .T54 2025
Holdings
Withdrawn status Lost status Source of classification or shelving scheme Damaged status Not for loan Collection code Home library Current library Shelving location Date acquired Source of acquisition Cost, normal purchase price Serial Enumeration / chronology Total Checkouts Full call number Barcode Date last seen Cost, replacement price Price effective from Koha item type
    Library of Congress Classification     Books Judith Thomas Library Judith Thomas Library General Stacks 21/11/2025 Bought by JTL 10.00 AUA28037   BT 741.3 .T54 2025 AUA28037 21/11/2025 10.00 21/11/2025 Books